00433nam a2200181Ia 4500003000400000005001700004008004100021040000700062041001200069082001700081100001500098245003500113260004400148365001300192650001400205650001800219700001400237OSt20250918174616.0210423s2009 xx 000 0 und d cAL aEnglish a305.4 bMADT aMadhav B M aTrainee women police constable aMangalorebSchool of Social Womenc2009 b200cINR aSociology aWomen Studies aAshoka, B